000
00296nam a2200109Ia 4500
008
230302s9999 xx 000 0 und d
082
_a
004.678BLA
100
_a
BLANK (Uyless)
245
_a
Internet Security Protocols Protecting IP Traffic
260
_a
NEW YORK
_b
PEACHPIT PRESS
365
_c
RS
999
_c
147686
_d
147686